000 00360 a2200109 4500
001 ART_44504
005 20260410161709.0
008 260409a
245 1 0 _aLa asignación vitalicia del Presidente de la Nación y el impuesto a las ganancias
100 1 _aSpisso, Rodolfo Roque
773 0 _tRevista Impuestos
_g- Nº 8 (ago. 2017)
_wREV639
999 _c15876
_d15876